Estudios de derecho de contratos (Record no. 184690)

MARC details
000 -LEADER
campo de control de longitud fija 01192nam a2200313 i 4500
001 - NÚMERO DE CONTROL
campo de control 184690
003 - IDENTIFICADOR DE NÚMERO DE CONTROL
campo de control ES-MaACL
005 - FECHA Y HORA DE LA ÚLTIMA TRANSACCIÓN
campo de control 20250809060039.0
008 - DATOS DE LONGITUD FIJA--INFORMACIÓN GENERAL
campo de control de longitud fija 151113s2014 cl f |||| | spa d
020 ## - NÚMERO INTERNACIONAL ESTÁNDAR DEL LIBRO
Número Internacional Estándar del Libro 978-956-346-574-7
080 ## - NÚMERO DE LA CLASIFICACIÓN DECIMAL UNIVERSAL
Número de la Clasificación Decimal Universal 347.41/.43
080 ## - NÚMERO DE LA CLASIFICACIÓN DECIMAL UNIVERSAL
Número de la Clasificación Decimal Universal 347.44
100 1# - ENTRADA PRINCIPAL--NOMBRE DE PERSONA
Nombre de persona Maza Gazmuri, Íñigo de la.
9 (RLIN) 158134
245 10 - MENCIÓN DEL TÍTULO
Título Estudios de derecho de contratos
Resto del título : formación, cumplimiento e incumplimiento /
Mención de responsabilidad, etc. Íñigo de la Maza Gazmuri, Antonio Manuel Morales Moreno, Álvaro Vidal Olivares.
250 ## - MENCION DE EDICION
Mención de edición 1ª ed.
260 ## - PUBLICACIÓN, DISTRIBUCIÓN, ETC.
Lugar de publicación, distribución, etc. Santiago de Chile :
Nombre del editor, distribuidor, etc. Legal Publishing,
Fecha de publicación, distribución, etc. 2014.
300 ## - DESCRIPCIÓN FÍSICA
Extensión 465 p. ;
Dimensiones 25 cm.
490 1# - MENCIÓN DE SERIE
Mención de serie Monografías
504 ## - NOTA DE BIBLIOGRAFÍA, ETC.
Nota de bibliografía, etc. Referencias bibliográficas.
650 #7 - PUNTO DE ACCESO ADICIONAL DE MATERIA--TÉRMINO DE MATERIA
Término de materia o nombre geográfico como elemento de entrada Obligaciones (Derecho)
9 (RLIN) 15660
650 07 - PUNTO DE ACCESO ADICIONAL DE MATERIA--TÉRMINO DE MATERIA
Término de materia o nombre geográfico como elemento de entrada Contratos
Fuente del encabezamiento o término embne
9 (RLIN) 11326
700 1# - ENTRADA AGREGADA--NOMBRE PERSONAL
Nombre de persona Morales Moreno, Antonio-Manuel.
9 (RLIN) 83056
700 1# - ENTRADA AGREGADA--NOMBRE PERSONAL
Nombre de persona Vidal Olivares, Álvaro.
9 (RLIN) 158135
830 00 - PUNTO DE ACCESO ADICIONAL DE SERIE-TÍTULO UNIFORME
Título uniforme Monografías (Centro de Estudios Benaventanos "Ledo del Pozo")
9 (RLIN) 177262
852 ## - LOCALIZACIÓN
Ubicación ES-MaACL
Número de control de estantería A-13621
itemnumber 191700
Sublocalización o colección R.150276
Ubicación en estantería Depósito 1
Signatura antigua Olim: N-6621
Donativo/Legado Donacion: Antonio Manuel Morales Moreno
903 ## - NOMBRE PERSONAL DE DONANTE
9 83056
a Morales Moreno, Antonio-Manuel
e Donante
942 ## - ELEMENTOS DE ENTRADA SECUNDARIOS (KOHA)
Fuente del sistema de clasificación o colocación Clasificación decimal universal
Holdings
Estatus retirado Estado de pérdida Fuente del sistema de clasificación o colocación Estado de daño No para préstamo Biblioteca de origen Biblioteca actual Ubicación en estantería Fecha de adquisición Fuente de adquisición Total de préstamos Signatura topográfica completa Código de barras Visto por última vez Precio de reemplazo Tipo de ítem Koha
    Clasificación decimal universal     Biblioteca del Ateneo de Madrid Biblioteca del Ateneo de Madrid Depósito 1 13/11/2015 Donación   A-13621 1194459 23/02/2023 23/02/2023 Libro impreso